[Event "BL 2223 (Women)"]
[Site "Germany"]
[Date "2023.05.01"]
[Round "11.5"]
[White "Injac, Teodora"]
[Black "Ankerst, Milka"]
[Result "1-0"]
[WhiteElo "2386"]
[BlackElo "1923"]
[PlyCount "97"]
[EventDate "2022.10.15"]
[EventType "team-tourn"]
[EventRounds "11"]
[EventCountry "GER"]
[SourceTitle "EXT 2024"]
[Source "ChessBase"]
[SourceDate "2023.10.10"]
[SourceVersion "1"]
[SourceVersionDate "2023.10.10"]
[SourceQuality "1"]
[WhiteTeam "Baden-Baden (W)"]
[BlackTeam "Bayern Muenchen (W)"]
[WhiteTeamCountry "GER"]
[BlackTeamCountry "GER"]

1. Nf3 Nf6 2. c4 e6 3. g3 d5 4. d4 Bb4+ 5. Bd2 Bxd2+ 6. Nbxd2 0-0 7. Bg2 Nc6 8. 0-0 Bd7 9. Rc1 Qe7 10. a3 Rfd8 11. b4 dxc4 12. Nxc4 Be8 13. e3 Rac8 14. Qb3 Ne4 15. b5 Nb8 16. Nfe5 Nd6 17. a4 c6 18. Qa3 f6 19. Nxd6 Qxd6 20. Qxd6 Rxd6 21. Nc4 Rdd8 22. Na5 Rc7 23. Rc3 b6 24. Nxc6 Nxc6 25. Bxc6 Kf8 26. Rfc1 Rdc8 27. e4 e5 28. d5 Ke7 29. a5 Bg6 30. Ra3 Kd6 31. axb6 axb6 32. f3 Bh5 33. Kf2 Bf7 34. Ra6 Rb8 35. Rca1 g6 36. Ke3 f5 37. h4 h6 38. Ra8 Rcc8 39. Rxb8 Rxb8 40. Ra7 Rf8 41. Kd3 fxe4+ 42. Kxe4 g5 43. Rd7+ Kc5 44. Kxe5 gxh4 45. gxh4 Bg6 46. Rc7 Bd3 47. d6 Bxb5 48. Bxb5+ Kxb5 49. d7 1-0

[Event "BL 2223 (Women)"]
[Site "Germany"]
[Date "2023.04.29"]
[Round "9.4"]
[White "Buksa, Nataliya"]
[Black "Ankerst, Milka"]
[Result "1-0"]
[WhiteElo "2413"]
[BlackElo "1923"]
[PlyCount "55"]
[EventDate "2022.10.15"]
[EventType "team-tourn"]
[EventRounds "11"]
[EventCountry "GER"]
[SourceTitle "EXT 2024"]
[Source "ChessBase"]
[SourceDate "2023.10.10"]
[SourceVersion "1"]
[SourceVersionDate "2023.10.10"]
[SourceQuality "1"]
[WhiteTeam "Schwaebisch Hall (W)"]
[BlackTeam "Bayern Muenchen (W)"]
[WhiteTeamCountry "GER"]
[BlackTeamCountry "GER"]

1. e4 c5 2. Nf3 Nc6 3. Bb5 g6 4. 0-0 Bg7 5. c3 d6 6. d4 cxd4 7. cxd4 Bd7 8. Nc3 a6 9. Be2 e6 10. Be3 Nf6 11. h3 0-0 12. e5 Ne8 13. Bf4 dxe5 14. dxe5 Qc7 15. Qd2 Rd8 16. Qe3 Qb8 17. Rfd1 Bc8 18. Ne4 Rxd1+ 19. Rxd1 Nc7 20. Nf6+ Kh8 21. Bh6 Ne7 22. Qg5 Nf5 23. Bxg7+ Kxg7 24. Rd8 Rxd8 25. Nh5+ Kf8 26. Qxd8+ Ne8 27. Nf6 Qc7 28. Qxe8+ 1-0

[Event "BL 2223 (Women)"]
[Site "Germany"]
[Date "2023.02.19"]
[Round "6.5"]
[White "Melamed, Tatiana"]
[Black "Ankerst, Milka"]
[Result "1-0"]
[WhiteElo "2373"]
[BlackElo "1923"]
[PlyCount "73"]
[EventDate "2022.10.15"]
[EventType "team-tourn"]
[EventRounds "11"]
[EventCountry "GER"]
[SourceTitle "CBM 213 Extra"]
[Source "ChessBase"]
[SourceDate "2023.05.31"]
[SourceVersion "1"]
[SourceVersionDate "2023.05.31"]
[SourceQuality "1"]
[WhiteTeam "Bad Koenigshofen (W)"]
[BlackTeam "Bayern Muenchen (W)"]
[WhiteTeamCountry "GER"]
[BlackTeamCountry "GER"]

1. e4 c5 2. c3 d5 3. exd5 Qxd5 4. d4 Nf6 5. Nf3 e6 6. Na3 cxd4 7. Nb5 Qd8 8. Nbxd4 Be7 9. Bd3 0-0 10. 0-0 Nc6 11. Nxc6 bxc6 12. Qe2 Qc7 13. Bg5 Bb7 14. Rfe1 Rad8 15. Rad1 c5 16. Ne5 g6 17. h4 Nh5 18. Bh6 Ng7 19. h5 Bf6 20. hxg6 hxg6 21. Bf4 Bxe5 22. Bxe5 Qc6 23. Qg4 Rd7 24. Be4 Rxd1 25. Qxd1 Qb6 26. Bxb7 Qxb7 27. Qg4 Qd5 28. Qg5 f6 29. Bxf6 Qxg5 30. Bxg5 Kf7 31. Rd1 Rb8 32. Rd7+ Kg8 33. b3 a6 34. Bf6 Nf5 35. g4 Nh6 36. f3 Nf7 37. Rc7 1-0

[Event "GER-chT Federal Cup (Women)"]
[Site "Braunfels"]
[Date "2022.06.18"]
[Round "4.5"]
[White "Ciolacu, Alessia Mihaela"]
[Black "Ankerst, Milka"]
[Result "1-0"]
[WhiteElo "2198"]
[BlackElo "1931"]
[PlyCount "75"]
[EventDate "2022.06.15"]
[EventType "team-swiss"]
[EventRounds "5"]
[EventCountry "GER"]
[SourceTitle "EXT 2023"]
[Source "ChessBase"]
[SourceDate "2022.10.05"]
[SourceVersion "1"]
[SourceVersionDate "2022.10.05"]
[SourceQuality "1"]

1. d4 Nf6 2. c4 e6 3. Nf3 Bb4+ 4. Nbd2 c5 5. a3 Bxd2+ 6. Qxd2 cxd4 7. Nxd4 Nc6 8. e3 0-0 9. Be2 d5 10. 0-0 Ne5 11. b3 dxc4 12. bxc4 Bd7 13. Bb2 Qe7 14. Qb4 Qxb4 15. axb4 Nc6 16. b5 Nxd4 17. exd4 a6 18. bxa6 Rxa6 19. Rxa6 bxa6 20. Ra1 Rb8 21. Bc3 Bc8 22. h4 Ne4 23. Be1 g6 24. f3 Nd6 25. Bg3 Rb2 26. Bxd6 Rxe2 27. Rb1 Kg7 28. Rb6 Rc2 29. c5 a5 30. c6 f6 31. Rb7+ Kg8 32. Rc7 Ba6 33. Bc5 e5 34. d5 Rxc5 35. d6 Kf8 36. d7 Ke7 37. Rc8 Rd5 38. Re8+ 1-0

[Event "GER-chT Federal Cup (Women)"]
[Site "Braunfels"]
[Date "2022.06.16"]
[Round "1.21"]
[White "Balazs, Kata"]
[Black "Ankerst, Milka"]
[Result "1/2-1/2"]
[WhiteElo "1679"]
[BlackElo "1931"]
[PlyCount "118"]
[EventDate "2022.06.15"]
[EventType "team-swiss"]
[EventRounds "5"]
[EventCountry "GER"]
[SourceTitle "EXT 2023"]
[Source "ChessBase"]
[SourceDate "2022.10.05"]
[SourceVersion "1"]
[SourceVersionDate "2022.10.05"]
[SourceQuality "1"]

1. d4 Nf6 2. Nc3 d5 3. Bf4 c6 4. e3 Bf5 5. f3 g6 6. Qd2 Nbd7 7. Nge2 Nb6 8. Ng3 Qd7 9. e4 dxe4 10. fxe4 Qe6 11. Be5 Bg4 12. h3 Bh5 13. Nxh5 gxh5 14. Qe2 Rg8 15. 0-0-0 Bh6+ 16. Kb1 h4 17. Qf2 Bg5 18. Bd3 Nh5 19. Rhf1 Nf6 20. Bxf6 Qxf6 21. Qxf6 Bxf6 22. e5 Bh8 23. Rd2 h6 24. Rdf2 Rg7 25. a3 Rd8 26. Ne2 Nd5 27. Bc4 e6 28. Bxd5 Rxd5 29. c3 b6 30. b4 Rd7 31. Kc2 c5 32. bxc5 bxc5 33. Rb1 Ke7 34. Rb8 Rh7 35. Rf4 f6 36. Re4 fxe5 37. dxe5 h5 38. Nf4 Kf7 39. Rc8 Bg7 40. Rxc5 Bh6 41. Rc6 Rg7 42. c4 Rg3 43. Rxe6 Rxg2+ 44. Nxg2 Kxe6 45. Nxh4 Rd2+ 46. Kc3 Rh2 47. Kd4 Rxh3 48. Ng6 Rxa3 49. Nf4+ Bxf4 50. Rxf4 a5 51. Rh4 Ra1 52. Rxh5 Rd1+ 53. Kc5 a4 54. Rh3 Ra1 55. Re3 a3 56. Kc6 a2 57. Ra3 Rc1 58. Rxa2 Rxc4+ 59. Kb5 Ke7 1/2-1/2

[Event "GER-chT Federal Cup (Women)"]
[Site "Braunfels"]
[Date "2021.10.21"]
[Round "1.20"]
[White "Ankerst, Milka"]
[Black "Prinzen, Siri Marleen"]
[Result "0-1"]
[WhiteElo "1981"]
[BlackElo "1637"]
[PlyCount "90"]
[EventDate "2021.10.19"]
[EventType "team-tourn"]
[EventRounds "5"]
[EventCountry "GER"]
[SourceTitle "CBM 204 Extra"]
[Source "ChessBase"]
[SourceDate "2021.11.30"]
[SourceVersion "1"]
[SourceVersionDate "2021.11.30"]
[SourceQuality "1"]

1. e4 c6 2. Nc3 d5 3. Nf3 dxe4 4. Nxe4 Nf6 5. Ng3 Bg4 6. h3 Bxf3 7. Qxf3 Qd5 8. Be2 Qxf3 9. Bxf3 Nbd7 10. d4 e5 11. Be3 exd4 12. Bxd4 Bc5 13. 0-0-0 0-0-0 14. Nf5 Bxd4 15. Rxd4 Ne5 16. Rxd8+ Rxd8 17. Nxg7 Rg8 18. Nf5 Kc7 19. Re1 Nfd7 20. Be4 f6 21. g3 Nc5 22. Bg2 Re8 23. Re3 Ne6 24. f4 Nc4 25. Re4 Nd6 26. Nxd6 Kxd6 27. Bf3 Ng7 28. Rxe8 Nxe8 29. Be4 h6 30. Kd2 Ng7 31. Ke3 Ne6 32. c3 Nc5 33. b3 Ne6 34. Bf5 Nc7 35. Be4 Ne6 36. g4 Ng7 37. b4 b6 38. h4 Ne6 39. f5 Nc7 40. Kf4 Nb5 41. c4 Nc3 42. g5 hxg5+ 43. hxg5 fxg5+ 44. Kxg5 Nxe4+ 45. Kg6 Ke5 0-1

[Event "BL2 Sued 1920 (Women)"]
[Site "Germany"]
[Date "2020.02.15"]
[Round "6.4"]
[White "Mueller, Manon"]
[Black "Ankerst, Milka"]
[Result "1/2-1/2"]
[WhiteElo "1804"]
[BlackElo "2001"]
[PlyCount "127"]
[EventDate "2019.09.14"]
[EventType "team-tourn"]
[EventRounds "7"]
[EventCountry "GER"]
[SourceTitle "EXT 2021"]
[Source "ChessBase"]
[SourceDate "2020.10.23"]
[SourceVersion "1"]
[SourceVersionDate "2020.10.23"]
[SourceQuality "1"]
[WhiteTeam "Gernsheim (W)"]
[BlackTeam "Bayern Muenchen (W)"]
[WhiteTeamCountry "GER"]
[BlackTeamCountry "GER"]

1. d4 Nf6 2. Bg5 e6 3. Nf3 Be7 4. e3 c5 5. c3 b6 6. Be2 Bb7 7. Bxf6 Bxf6 8. 0-0 Qe7 9. dxc5 Qxc5 10. Nd4 0-0 11. Nd2 d5 12. N2b3 Qe7 13. Rc1 Nc6 14. Nxc6 Bxc6 15. Nd4 Bb7 16. Qb3 Rac8 17. a4 Rc5 18. Qb4 Qc7 19. Nb3 Rc6 20. Nd4 Be7 21. Qb3 Rc5 22. Qd1 Qe5 23. Nf3 Qf6 24. Qb3 Bd6 25. Rfd1 Qh6 26. Rd4 e5 27. Rh4 Qf6 28. g3 Bc8 29. a5 bxa5 30. Ra4 Bd7 31. Ra2 Rb8 32. Qd1 a4 33. Ne1 g6 34. Bg4 Bc6 35. Qd2 h5 36. Bd1 Ra5 37. Rca1 Qe6 38. Bxa4 Bxa4 39. Rxa4 Rxa4 40. Rxa4 Bc5 41. Ra5 Rc8 42. Nc2 Qc6 43. Ra1 Rd8 44. Ne1 Qb5 45. Nd3 Re8 46. Nxc5 Qxc5 47. b4 Qc7 48. Ra5 Rd8 49. Rc5 Qd6 50. Qd3 Kg7 51. Ra5 Rd7 52. Qa6 Qxa6 53. Rxa6 Rc7 54. Ra3 Kf6 55. h3 Kf5 56. Kf1 e4 57. Ke2 Ke5 58. Kd2 Kd6 59. Ra6+ Ke7 60. Kc2 f6 61. Kb3 g5 62. b5 Rb7 63. Kb4 Rc7 64. Kb3 1/2-1/2

[Event "GER-chT Federal Cup (Women)"]
[Site "Braunfels"]
[Date "2019.06.23"]
[Round "5.12"]
[White "Ankerst, Milka"]
[Black "Schneider, Birgit"]
[Result "1-0"]
[WhiteElo "2005"]
[BlackElo "1874"]
[PlyCount "75"]
[EventDate "2019.06.20"]
[EventType "team-swiss"]
[EventRounds "5"]
[EventCountry "GER"]
[SourceTitle "CBM 191 Extra"]
[Source "ChessBase"]
[SourceDate "2019.09.30"]
[SourceVersion "1"]
[SourceVersionDate "2019.09.30"]
[SourceQuality "1"]

1. e4 c5 2. Nf3 Nc6 3. d3 g6 4. g3 Bg7 5. c3 d6 6. Bg2 e6 7. 0-0 Nge7 8. Re1 0-0 9. Nbd2 Rb8 10. Nf1 b5 11. a3 a5 12. d4 cxd4 13. cxd4 b4 14. Be3 bxa3 15. bxa3 Ba6 16. Qd2 a4 17. Rab1 Qa5 18. h4 Rfc8 19. Qd1 Rxb1 20. Qxb1 Rb8 21. Qc1 Bxf1 22. Bxf1 Qa8 23. h5 d5 24. hxg6 hxg6 25. Bd3 Rc8 26. Qd1 dxe4 27. Bxe4 Nd5 28. Ng5 Nc3 29. Qf3 Nxe4 30. Qxf7+ Kh8 31. Nxe4 Nxd4 32. Bxd4 Bxd4 33. Kg2 Rc5 34. Qxg6 Bg7 35. Rh1+ Kg8 36. Qxe6+ Kf8 37. Rh4 Re5 38. Rf4+ 1-0

[Event "BL 1819 (Women)"]
[Site "Germany"]
[Date "2019.03.02"]
[Round "10.5"]
[White "Ankerst, Milka"]
[Black "Sherif, Amina"]
[Result "1-0"]
[WhiteElo "2038"]
[BlackElo "1946"]
[PlyCount "65"]
[EventDate "2018.10.27"]
[EventType "team-tourn"]
[EventRounds "11"]
[EventCountry "GER"]
[SourceTitle "CBM 189 Extra"]
[Source "ChessBase"]
[SourceDate "2019.06.03"]
[SourceVersion "1"]
[SourceVersionDate "2019.06.03"]
[SourceQuality "1"]
[WhiteTeam "Bayern Muenchen (W)"]
[BlackTeam "Harksheide (W)"]
[WhiteTeamCountry "GER"]
[BlackTeamCountry "GER"]

1. e4 c5 2. Nf3 e6 3. d3 Nc6 4. g3 d5 5. Nbd2 Nf6 6. Bg2 Be7 7. 0-0 Qc7 8. Re1 b6 9. e5 Nd7 10. Qe2 Bb7 11. c3 0-0-0 12. Nf1 Rdg8 13. Bd2 g5 14. h3 g4 15. hxg4 Rxg4 16. N1h2 Rg7 17. b4 cxb4 18. cxb4 Bxb4 19. Bxb4 Nxb4 20. Rac1 Nc6 21. Nd4 Ndb8 22. Nb5 Qd7 23. Nxa7+ Kd8 24. Qb2 Ke8 25. Qxb6 h5 26. Nb5 Kf8 27. Nf3 Kg8 28. a4 h4 29. Nxh4 Rxh4 30. gxh4 d4 31. Kf1 Rxg2 32. Nd6 Rh2 33. Qxb7 1-0

[Event "BL 1819 (Women)"]
[Site "Germany"]
[Date "2019.02.09"]
[Round "7.6"]
[White "Ankerst, Milka"]
[Black "Heinemann, Josefine"]
[Result "0-1"]
[WhiteElo "2038"]
[BlackElo "2308"]
[PlyCount "82"]
[EventDate "2018.10.27"]
[EventType "team-tourn"]
[EventRounds "11"]
[EventCountry "GER"]
[SourceTitle "CBM 189 Extra"]
[Source "ChessBase"]
[SourceDate "2019.06.03"]
[SourceVersion "1"]
[SourceVersionDate "2019.06.03"]
[SourceQuality "1"]
[WhiteTeam "Bayern Muenchen (W)"]
[BlackTeam "Baden-Baden (W)"]
[WhiteTeamCountry "GER"]
[BlackTeamCountry "GER"]

1. e4 c5 2. Nf3 d6 3. d4 cxd4 4. Nxd4 Nf6 5. Nc3 a6 6. f3 e6 7. Be3 b5 8. Bd3 Nbd7 9. Qe2 Bb7 10. 0-0 Be7 11. Rfe1 0-0 12. Nd1 d5 13. exd5 Nxd5 14. Bf2 Nf4 15. Qd2 Nxd3 16. Qxd3 Nf6 17. Ne3 Rc8 18. Rad1 Qc7 19. c3 Rfd8 20. Qe2 Bd6 21. Nf1 Nd5 22. Bg3 Nf4 23. Qe3 e5 24. Nb3 Ng6 25. Bf2 f5 26. Qb6 Qxb6 27. Bxb6 Rd7 28. Ne3 Rc6 29. Ba5 Rf7 30. Rd2 Nf8 31. Red1 Bb8 32. Nc2 Rg6 33. Ne1 e4 34. Rd8 Ba7+ 35. Nd4 exf3 36. g3 f4 37. Kf2 fxg3+ 38. hxg3 Rh6 39. g4 Bxd4+ 40. cxd4 Rh2+ 41. Kg3 f2 0-1

[Event "BL 1819 (Women)"]
[Site "Germany"]
[Date "2019.01.13"]
[Round "6.5"]
[White "Barpiyeva, Gulsana"]
[Black "Ankerst, Milka"]
[Result "1/2-1/2"]
[WhiteElo "2056"]
[BlackElo "2038"]
[PlyCount "93"]
[EventDate "2018.10.27"]
[EventType "team-tourn"]
[EventRounds "11"]
[EventCountry "GER"]
[SourceTitle "CBM 188 Extra"]
[Source "ChessBase"]
[SourceDate "2019.02.26"]
[SourceVersion "1"]
[SourceVersionDate "2019.02.26"]
[SourceQuality "1"]
[WhiteTeam "Hofheim (W)"]
[BlackTeam "Bayern Muenchen (W)"]
[WhiteTeamCountry "GER"]
[BlackTeamCountry "GER"]

1. Nf3 Nf6 2. c4 e6 3. d4 d5 4. e3 Be7 5. Nc3 0-0 6. Bd3 dxc4 7. Bxc4 c5 8. 0-0 a6 9. a3 Nc6 10. dxc5 Bxc5 11. b4 Be7 12. Qe2 Qc7 13. Bb2 b5 14. Bb3 Bb7 15. Rac1 Rad8 16. Ng5 h6 17. Nge4 Qb6 18. Nc5 Bxc5 19. bxc5 Qc7 20. Na2 Qe7 21. Nb4 Rd7 22. f3 Rfd8 23. Bc3 Ne8 24. Ba2 Nc7 25. Bb1 Nd5 26. Nxd5 Rxd5 27. Qc2 f5 28. Bb2 Rd2 29. Qc3 R8d7 30. Rf2 Rd1+ 31. Rxd1 Rxd1+ 32. Rf1 Rd5 33. Rc1 Bc8 34. e4 Rd4 35. Qe3 Rd8 36. Ba2 fxe4 37. Qxe4 Qd7 38. Bb1 Nd4 39. Re1 Nf5 40. Ba2 Nd4 41. Bxd4 Qxd4+ 42. Qxd4 Rxd4 43. Bxe6+ Bxe6 44. Rxe6 Rc4 45. Rxa6 Rxc5 46. Ra5 Rc3 47. Rxb5 1/2-1/2

[Event "BL 1819 (Women)"]
[Site "Germany"]
[Date "2019.01.12"]
[Round "5.5"]
[White "Ankerst, Milka"]
[Black "Belenkaya, Dina"]
[Result "0-1"]
[WhiteElo "2038"]
[BlackElo "2329"]
[PlyCount "68"]
[EventDate "2018.10.27"]
[EventType "team-tourn"]
[EventRounds "11"]
[EventCountry "GER"]
[SourceTitle "CBM 188 Extra"]
[Source "ChessBase"]
[SourceDate "2019.02.26"]
[SourceVersion "1"]
[SourceVersionDate "2019.02.26"]
[SourceQuality "1"]
[WhiteTeam "Bayern Muenchen (W)"]
[BlackTeam "Bad Koenigshofen (W)"]
[WhiteTeamCountry "GER"]
[BlackTeamCountry "GER"]

1. d4 d5 2. Nf3 Nf6 3. Bg5 h6 4. Bh4 c6 5. c3 Bf5 6. Qb3 Qb6 7. Nbd2 Nbd7 8. h3 e6 9. Bg3 Be7 10. e3 0-0 11. Be2 c5 12. dxc5 Bxc5 13. Qxb6 Bxb6 14. Nb3 Ne4 15. Bh2 Rac8 16. Ne5 Rfd8 17. Bf3 Ndc5 18. Nxc5 Nxc5 19. Be2 Na4 20. Bd3 Nxb2 21. Bxf5 exf5 22. Rc1 f6 23. Ng6 Kf7 24. Rc2 Nd3+ 25. Ke2 Nxf2 26. Kxf2 Kxg6 27. Rd1 Kf7 28. Kf3 Ba5 29. Rd3 Rc4 30. Bg3 b5 31. Rb2 a6 32. Be1 Ke6 33. Bd2 Rdc8 34. Ke2 Bxc3 0-1

[Event "BL 1819 (Women)"]
[Site "Germany"]
[Date "2018.11.17"]
[Round "3.4"]
[White "Ankerst, Milka"]
[Black "Semenova, Elena"]
[Result "0-1"]
[WhiteElo "2038"]
[BlackElo "2271"]
[PlyCount "192"]
[EventDate "2018.10.27"]
[EventType "team-tourn"]
[EventRounds "11"]
[EventCountry "GER"]
[SourceTitle "CBM 188 Extra"]
[Source "ChessBase"]
[SourceDate "2019.02.26"]
[SourceVersion "1"]
[SourceVersionDate "2019.02.26"]
[SourceQuality "1"]
[WhiteTeam "Bayern Muenchen (W)"]
[BlackTeam "Deizisau (W)"]
[WhiteTeamCountry "GER"]
[BlackTeamCountry "GER"]

1. e4 e5 2. Nf3 Nc6 3. Nc3 Nf6 4. d4 exd4 5. Nxd4 Bb4 6. Nxc6 bxc6 7. Bd3 d5 8. exd5 cxd5 9. 0-0 0-0 10. Bg5 c6 11. Ne2 h6 12. Bh4 Bd7 13. Kh1 Re8 14. c3 Bf8 15. Qc2 c5 16. Rfe1 Qb6 17. b3 a5 18. Rab1 g5 19. Bg3 Bg7 20. f3 Qc6 21. Bf5 Bxf5 22. Qxf5 Nh5 23. Bf2 Re5 24. Qd3 Rae8 25. Ng3 Nf4 26. Qd2 h5 27. Rxe5 Rxe5 28. Be3 Qg6 29. Rd1 Ne6 30. Qf2 d4 31. Bd2 Rd5 32. c4 Rd7 33. Bxa5 Ra7 34. Be1 g4 35. Ne4 f5 36. Nd6 Ng5 37. Nb5 Re7 38. Bd2 Bh6 39. b4 gxf3 40. gxf3 Nh3 41. Qf1 Bxd2 42. Rxd2 Nf4 43. Qg1 Kh7 44. Qxg6+ Kxg6 45. h4 d3 46. Kg1 cxb4 47. Kf2 Kf6 48. Nd4 Rc7 49. Ke3 Rxc4 50. Kxf4 Rxd4+ 51. Ke3 Ke5 52. Rxd3 f4+ 53. Ke2 Rxd3 54. Kxd3 Kd5 55. Kc2 Kc4 56. Kb2 Kd3 57. Kb3 Ke3 58. Kxb4 Kxf3 59. a4 Kg3 60. a5 f3 61. a6 f2 62. a7 f1Q 63. a8Q Qf4+ 64. Kc5 Kxh4 65. Qa1 Qe3+ 66. Kc6 Kg3 67. Qg7+ Kf2 68. Qb2+ Qe2 69. Qd4+ Kg3 70. Qd6+ Kh3 71. Qa3+ Kg2 72. Qa5 Qf3+ 73. Kc7 h4 74. Kc8 Qg4+ 75. Kd8 Qd4+ 76. Kc8 h3 77. Qg5+ Kf3 78. Qf5+ Kg3 79. Kb7 h2 80. Qg6+ Qg4 81. Qd6+ Qf4 82. Qg6+ Kf3 83. Qd3+ Kg2 84. Qg6+ Qg3 85. Qc2+ Kh1 86. Kc8 Qg4+ 87. Kd8 Kg1 88. Qc5+ Kg2 89. Qc2+ Kg3 90. Qd3+ Kf2 91. Qd2+ Qe2 92. Qf4+ Ke1 93. Qh4+ Kd1 94. Qa4+ Qc2 95. Qg4+ Kc1 96. Qh4 Qd1+ 0-1

[Event "BL 1819 (Women)"]
[Site "Germany"]
[Date "2018.10.28"]
[Round "2.5"]
[White "Heyme, Sibylle"]
[Black "Ankerst, Milka"]
[Result "1-0"]
[WhiteElo "2029"]
[BlackElo "2038"]
[PlyCount "125"]
[EventDate "2018.10.27"]
[EventType "team-tourn"]
[EventRounds "11"]
[EventCountry "GER"]
[SourceTitle "CBM 188 Extra"]
[Source "ChessBase"]
[SourceDate "2019.02.26"]
[SourceVersion "1"]
[SourceVersionDate "2019.02.26"]
[SourceQuality "1"]
[WhiteTeam "Pankow Rotation (W)"]
[BlackTeam "Bayern Muenchen (W)"]
[WhiteTeamCountry "GER"]
[BlackTeamCountry "GER"]

1. Nf3 Nf6 2. e3 e6 3. c4 d5 4. Nc3 c5 5. cxd5 Nxd5 6. Be2 Be7 7. 0-0 0-0 8. Qc2 Nc6 9. a3 Nf6 10. Rd1 Bd7 11. b3 Qc7 12. Bb2 b6 13. Rac1 Rac8 14. Ba6 Rcd8 15. Ng5 h6 16. Nge4 Nxe4 17. Nxe4 f5 18. Ng3 Bf6 19. d4 cxd4 20. exd4 Qb8 21. Nh5 Bg5 22. d5 Bxc1 23. Qxc1 exd5 24. Bxg7 Qd6 25. Bxh6 Rf7 26. Qg5+ Kh7 27. Bg7 Qg6 28. Bf6 Qxg5 29. Bxg5 Ne7 30. h4 Bc6 31. Bd3 Rdf8 32. Re1 Ng8 33. Re6 Bb7 34. g4 Bc8 35. gxf5 Bxe6 36. fxe6+ Rf5 37. e7 Nxe7 38. Bxe7 Kh6 39. Bxf8+ Rxf8 40. Ng3 Rf4 41. Kg2 Rf7 42. Nf5+ Kh5 43. Be2+ Kg6 44. Nd4 Kf6 45. f4 Ke7 46. Kg3 Kd6 47. h5 Kc5 48. Ne6+ Kd6 49. Bg4 Rf6 50. Kf3 Rh6 51. Ke3 Rh8 52. Ng5 Kc5 53. Kd3 a5 54. Ne6+ Kd6 55. Kd4 Rg8 56. Ng5 Rf8 57. Ke3 Re8+ 58. Kf3 Ke7 59. h6 Kf6 60. Be6 Rd8 61. h7 Kg7 62. Bg8 Rd7 63. Nf7 1-0

[Event "BL 1819 (Women)"]
[Site "Germany"]
[Date "2018.10.27"]
[Round "1.5"]
[White "Ankerst, Milka"]
[Black "Manusina, Nicole"]
[Result "0-1"]
[WhiteElo "2038"]
[BlackElo "1948"]
[PlyCount "74"]
[EventDate "2018.10.27"]
[EventType "team-tourn"]
[EventRounds "11"]
[EventCountry "GER"]
[SourceTitle "CBM 188 Extra"]
[Source "ChessBase"]
[SourceDate "2019.02.26"]
[SourceVersion "1"]
[SourceVersionDate "2019.02.26"]
[SourceQuality "1"]
[WhiteTeam "Bayern Muenchen (W)"]
[BlackTeam "Lehrte (W)"]
[WhiteTeamCountry "GER"]
[BlackTeamCountry "GER"]

1. e4 c6 2. Nc3 d5 3. Nf3 Bg4 4. h3 Bxf3 5. Qxf3 e6 6. d4 dxe4 7. Qxe4 Nf6 8. Qe3 Be7 9. Bd2 0-0 10. Bd3 Nbd7 11. 0-0 c5 12. Rfe1 cxd4 13. Qxd4 Nc5 14. Qe3 Nxd3 15. cxd3 a6 16. Ne4 Rc8 17. Rad1 Nd5 18. Qg3 Bf6 19. Nd6 Rc2 20. Nxb7 Qb6 21. Nd6 Qxb2 22. Nc4 Qxa2 23. Bh6 Kh8 24. Bd2 Bc3 25. Qd6 Kg8 26. Rb1 h6 27. Bxc3 Rxc3 28. Ne5 Qa3 29. Qxa3 Rxa3 30. Rb7 a5 31. g3 a4 32. Ra7 Nb4 33. Re3 Ra1+ 34. Kg2 a3 35. Rf3 a2 36. Nxf7 Rb1 37. Nxh6+ gxh6 0-1

[Event "GER-chT Federal Cup (Women)"]
[Site "Braunfels"]
[Date "2018.06.01"]
[Round "2.4"]
[White "Frank, Tena"]
[Black "Ankerst, Milka"]
[Result "1-0"]
[WhiteElo "1932"]
[BlackElo "2043"]
[PlyCount "106"]
[EventDate "2018.05.31"]
[EventType "team-swiss"]
[EventRounds "5"]
[EventCountry "GER"]
[SourceTitle "EXT 2020"]
[Source "ChessBase"]
[SourceDate "2019.10.17"]
[SourceVersion "1"]
[SourceVersionDate "2019.10.17"]
[SourceQuality "1"]
[WhiteTeam "Baden (W)"]
[BlackTeam "Bayern (W)"]
[WhiteTeamCountry "GER"]
[BlackTeamCountry "GER"]

1. d4 Nf6 2. c4 e6 3. Nc3 Bb4 4. e3 c5 5. Nge2 0-0 6. a3 Bxc3+ 7. Nxc3 d6 8. Bd3 Nc6 9. 0-0 b6 10. b3 Bb7 11. Bb2 Qe7 12. Rc1 Rad8 13. d5 Ne5 14. e4 Ng6 15. f4 Bc8 16. Qe2 exd5 17. cxd5 Rfe8 18. Rce1 Qb7 19. Qf2 Re7 20. h3 Bd7 21. g4 Ne8 22. e5 Qb8 23. Bxg6 hxg6 24. Qh4 f6 25. e6 Bc8 26. Qg3 b5 27. b4 Qb6 28. Kh2 Bb7 29. Qd3 Kh7 30. h4 Nc7 31. h5 Rh8 32. Qxg6+ Kg8 33. Rd1 cxb4 34. axb4 Qe3 35. Qc2 a5 36. Rd3 Qa7 37. bxa5 b4 38. Ne4 Ba6 39. Nxd6 Nxd5 40. Rxd5 Rxe6 41. Rf2 Qb8 42. Nc8 Qxc8 43. Qxc8+ Bxc8 44. Rd8+ Kh7 45. Rxh8+ Kxh8 46. g5 fxg5 47. fxg5 Kg8 48. Kg3 Rc6 49. Bd4 b3 50. g6 Be6 51. Bb2 Rc5 52. Ba3 Rg5+ 53. Kf4 Rxh5 1-0

[Event "BL2 Sued 1718 (Women)"]
[Site "Germany"]
[Date "2018.02.18"]
[Round "7.6"]
[White "Mijatovic, Andrea"]
[Black "Ankerst, Milka"]
[Result "1/2-1/2"]
[WhiteElo "1956"]
[BlackElo "2052"]
[PlyCount "103"]
[EventDate "2017.10.14"]
[EventType "team-tourn"]
[EventRounds "7"]
[EventCountry "GER"]
[SourceTitle "EXT 2019"]
[Source "ChessBase"]
[SourceDate "2018.10.10"]
[SourceVersion "1"]
[SourceVersionDate "2018.10.10"]
[SourceQuality "1"]
[WhiteTeam "Stuttgart Wolfbusch (W)"]
[BlackTeam "Muenchen Bayern (W)"]
[WhiteTeamCountry "GER"]
[BlackTeamCountry "GER"]

1. e4 c5 2. Nf3 Nc6 3. d4 cxd4 4. Nxd4 g6 5. Nc3 Bg7 6. Be3 Nf6 7. Bc4 Qa5 8. 0-0 0-0 9. Bb3 d6 10. h3 Bd7 11. f4 Nxd4 12. Bxd4 Bc6 13. e5 dxe5 14. Bxe5 Rad8 15. Qe1 e6 16. Qh4 Ne4 17. Nxe4 Bxe4 18. Rae1 Bd5 19. Bxg7 Kxg7 20. c4 Bc6 21. Re5 Qb4 22. g4 Rd2 23. Rf2 Rfd8 24. f5 Rxf2 25. Qxf2 exf5 26. gxf5 Qd6 27. Re3 Qf6 28. fxg6 hxg6 29. Qxf6+ Kxf6 30. Re2 Re8 31. Rf2+ Kg7 32. c5 f5 33. Bc2 Kf6 34. Rd2 g5 35. Kh2 Rh8 36. Rf2 f4 37. Bd1 Bd7 38. Rf3 Ke5 39. Rb3 g4 40. Rxb7 Rxh3+ 41. Kg1 Bc6 42. Re7+ Kf6 43. Re6+ Kxe6 44. Bxg4+ Kd5 45. Bxh3 Kxc5 46. Be6 Kd4 47. Kf2 Kd3 48. b3 Kc3 49. Ke2 Kb2 50. a4 a5 51. Kd3 Ka3 52. Kd4 1/2-1/2

[Event "BL 1617 (Women)"]
[Site "Germany"]
[Date "2017.05.01"]
[Round "11.4"]
[White "Papp, Petra"]
[Black "Ankerst, Milka"]
[Result "1-0"]
[WhiteElo "2335"]
[BlackElo "2052"]
[PlyCount "59"]
[EventDate "2016.10.22"]
[EventType "team-tourn"]
[EventRounds "11"]
[EventCountry "GER"]
[SourceTitle "EXT 2018"]
[Source "ChessBase"]
[SourceDate "2017.10.13"]
[SourceVersion "1"]
[SourceVersionDate "2017.10.13"]
[SourceQuality "1"]
[WhiteTeam "Schwaebisch Hall (W)"]
[BlackTeam "Bayern Muenchen (W)"]
[WhiteTeamCountry "GER"]
[BlackTeamCountry "GER"]

1. e4 c5 2. Nf3 Nc6 3. Nc3 g6 4. d4 cxd4 5. Nxd4 Bg7 6. Be3 Nf6 7. Bc4 Qa5 8. 0-0 0-0 9. Bb3 d6 10. h3 Bd7 11. Re1 Nxd4 12. Bxd4 Bc6 13. Nd5 Bxd5 14. exd5 Rfe8 15. c3 a6 16. Be3 Rac8 17. Bg5 Rc5 18. Qf3 Qd8 19. Re2 Nd7 20. Rae1 Be5 21. h4 h5 22. Rxe5 Nxe5 23. Rxe5 f6 24. Re6 Rf8 25. Bh6 Rf7 26. Bc2 Rh7 27. Be3 Rc4 28. Bxg6 Rxh4 29. Bxh7+ Kxh7 30. g3 1-0